000 01064nam a22003017a 4500
001 10133
003 FISKH
005 20260428083634.0
008 260423b cb ||||| |||| 00| 0 eng d
020 _a9780462004976
040 _aFISKH
_beng
_cFISKH
_dFISKH
050 _aPZ7
082 _a599.8
100 _aFraser, Liam
_eAuthor
245 _aSaving Lucky /
_cWritten by Liam Fraser ; photographed by Brooke Worthington
260 _aSingapore :
_bMarshall Cavendish International ,
_c2008
300 _a16 pages :
_bphotographs ;
_c16 x 19 cm
490 _aMy pals are here! :
_v9e
505 _aG
520 _aA character discovers that Lucky-the lamb is in trouble. They take action to help and rescue Lucky, showing care and responsibility. In the end, Lucky is safe, and the characters feel happy and relieved.
521 8 _a500
_bLexile estimate
521 8 _aJ
_bRaz-Plus
650 _aAnimals
_vPet
650 _aRescue
_vHelping others
700 _aWorthington, Brooke
_ePhotographer
942 _2ddc
_cBK
_n0
999 _c10133
_d10133